000 02021nam0a22003971 4500
001 RU\INFOCOMM_327\NLR\5000008448
005 20250625202310.0
035 _a(NLR Aleph) 011018541
090 _a11058761
_c11058761
100 _a20121210d1981 |||y0rusy50 ca
101 0 _aeng
102 _aRU
105 _ay z||||
200 1 _aOn the generation of protons, electrons and gamma-radiation during the solar flare
_fG. E. Kocharov, L. G. Kocharov, G. A. Kovaltsov
210 _aL.
_cЛИЯФ
_d1981
215 _a14 с.
_cграф.
_d20 см
225 1 _aAcademy of sciences of the USSR, A. F. Ioffe physical-technical institute
_v744
300 _aНа обороте тит. л.: О генерации протонов, электронов и гамма-излучения во время солнечной вспышки: Работа будет доложена на VIII Европ. симпоз. по космич. лучам (Италия, 1982 г.) / Г. Е. Кочаров, Л. Г. Кочаров, Г. А. Ковальцов
300 _aНа обл. надзаг. на рус. яз.
300 _aРез. на рус. яз.
320 _aБиблиогр.: с. 13-14
517 1 _aО генерации протонов, электронов и гамма-излучения во время солнечной вспышки
_eРабота будет доложена на VIII Европ. симпоз. по космич. лучам (Италия, 1982 г.)
606 0 _aВспышки на солнце
_2nlr_sh1
620 _aСанкт-Петербург
686 _aВ652.473.2
_2rubbk
700 1 _9z01790
_aKočarov
_bG. E.
_f1932-
_gGrant Egorovič
701 1 _9z02790
_aKočarov
_bL. G.
701 1 _9z03790
_aKoval'cov
_bG. A.
790 1 _9z01700
_aKocharov
_bG. E.
_4070
790 1 _9z02701
_aKocharov
_bL. G.
_4070
790 1 _9z03701
_aKovaltsov
_bG. A.
_4070
801 1 _aRU
_bInfoComm
_c20121210
801 0 _aRU
_bNLR
_gPSBO
852 _aNLR
_jА01 Д-4/223
942 _cBOOK
980 _aNB